00436nam a2200121Ia 4500003000400000005001700004008004100021040001800062041000800080100004900088245014100137260003600278OSt20260124085036.0211028s2017 xx 000 0 und d cAIMIT LIBRARY aeng aD Souza, Blanny Bijoy; Dias, Beena.g1516024 aProject report on impact of labour efficiency in achieving organizational goal - study with reference to correa construction Mangalore / aMangalorebDr Beena Dias.c2017